Hacia la prosperidad social : (Record no. 27260)

MARC details
000 -CABECERA
campo de control de longitud fija 00679nam a2200181 a 4500
005 - FECHA Y HORA DE LA ÚLTIMA TRANSACCIÓN
campo de control 20210223122002.0
008 - ELEMENTOS DE LONGITUD FIJA--INFORMACIÓN GENERAL
campo de control de longitud fija 991125s1971 mx 000 0 spa u
035 ## - NÚMERO DE CONTROL DEL SISTEMA
Número de control de sistema UPN01000027260
049 ## - COLECCIÓN
Colección CG
050 #4 - SIGNATURA TOPOGRÁFICA DE LA BIBLIOTECA DEL CONGRESO
Número de clasificación HC106.6
Número de documento/Ítem W5.38
100 1# - ASIENTO PRINCIPAL--NOMBRE PERSONAL
Nombre de persona Wilcox, Clair,
Fechas asociadas al nombre 1898-
245 10 - MENCIÓN DE TÍTULO
Título Hacia la prosperidad social :
Resto del título un análisis de los programas y proposiciones en contra de la pobreza, la inseguridad y la desigualdad en las oportunidades /
Mención de responsabilidad, etc. Clair Wilcox ; tr. de Francisco J. Perea.
260 ## - PUBLICACIÓN, DISTRIBUCIÓN, ETC.
Lugar de publicación, distribución, etc. México :
Nombre del editor, distribuidor, etc. Limusa-Wiley,
Fecha de publicación, distribución, etc. 1971.
300 ## - DESCRIPCIÓN FÍSICA
Extensión 446 p.
650 #4 - ASIENTO SECUNDARIO DE MATERIA - TERMINO TEMATICO
Término de materia o nombre geográfico como elemento de entrada SEGURIDAD ECONOMICA -
Subdivisión geográfica ESTADOS UNIDOS
651 #4 - ASIENTO SECUNDARIO DE MATERIA - NOMBRE GEOGRAFICO
Nombre geográfico ESTADOS UNIDOS -
Subdivisión general POLITICA ECONOMICA
9 (RLIN) 15841
905 ## - TIPO DE MATERIAL
Tipo de material Libro
Holdings
Estado de retiro Estado de pérdida Fuente del sistema de clasificación o colocación Estado dañado No para préstamo Código de colección Localización permanente Ubicación/localización actual Ubicación en estantería Enumeración/cronología de publicación seriada Total de préstamos Clasificación Código de barras Fecha visto por última vez Número de copia Tipo de ítem Koha
    Library of Congress Classification     Colección General Bib. Gregorio Torres Quintero Bib. Gregorio Torres Quintero Planta baja - 1 HC106.6 W5.38 7185 31/12/2020 1 Libro